| 000 | 00655nam a2200253 a 4500 | ||
|---|---|---|---|
| 001 | nice12345678 | ||
| 003 | IN_TiNIC | ||
| 005 | 20260116012322.0 | ||
| 008 | 050524s1994 dela grp 000 0 eng | ||
| 020 |
_a8185618 _c295 |
||
| 082 | 0 | 0 |
_a335.95483 _bMEN |
| 100 | _aMenon, Dilip M | ||
| 245 | _aCaste, Nationalism and Communism in South India | ||
| 260 |
_aDelhi _bCambridge University Press _c1994 |
||
| 300 | _a209p | ||
| 500 | _aincludes index and biblioraphy | ||
| 505 | 2 | _aIndex | |
| 650 | _aCommunism-South India | ||
| 650 | _aKerala-Communism | ||
| 700 | 1 | _aMenon, Dilip M | |
| 902 | _bSRS | ||
| 942 | _cBK | ||
| 999 |
_c6536 _d6536 |
||